Simulácia a riadenie procesov s využitím znalostných technológií

Inteligentné riadenie moderných výrobných postupov. Znalostné technológie v riadení systémov. Fuzzy riadenie. Siete neurónové. Nevyhnutnosť kombinácie tradičných a znalostných metód riadenia.

Salvato in:
Dettagli Bibliografici
Autore principale: Ponce, Daniela
Natura: Capitolo di libro
Lingua:slovacco
Soggetti:
Tags: Aggiungi Tag
Nessun Tag, puoi essere il primo ad aggiungerne!!

MARC

LEADER 00000naa$a2200000$$$4500
001 0018916
005 20221207121835.3
041 0 |a slo 
044 |a SK 
245 1 0 |a Simulácia a riadenie procesov s využitím znalostných technológií  |c Daniela Ponce 
520 |a Inteligentné riadenie moderných výrobných postupov. Znalostné technológie v riadení systémov. Fuzzy riadenie. Siete neurónové. Nevyhnutnosť kombinácie tradičných a znalostných metód riadenia. 
610 2 0 |a metódy riadenia 
610 2 0 |a systémy riadenia 
610 2 0 |a riadenie procesné 
610 2 0 |a riadenie znalostí 
610 2 0 |a technológie znalostné 
610 2 0 |a systémy znalostné 
100 1 |a Ponce, Daniela